Dialogue concerning the two chief world systems, Ptolemaic & Copernican / (Record no. 121654)
[ view plain ]
| 000 -LEADER | |
|---|---|
| fixed length control field | 01057cam a2200301 i 4500 |
| 001 - CONTROL NUMBER | |
| control field | 160534 |
| 003 - CONTROL NUMBER IDENTIFIER | |
| control field | ARRUPE |
| 005 - DATE AND TIME OF LATEST TRANSACTION | |
| control field | 20150128020008.0 |
| 008 - FIXED-LENGTH DATA ELEMENTS--GENERAL INFORMATION | |
| fixed length control field | 830517s1967 cauach 001 0 eng d |
| 035 ## - SYSTEM CONTROL NUMBER | |
| System control number | (OCoLC)907697 |
| 035 ## - SYSTEM CONTROL NUMBER | |
| System control number | (OCoLC)ocm00907697 |
| 035 ## - SYSTEM CONTROL NUMBER | |
| System control number | (CStRLIN)NYCG83-B35707 |
| 035 ## - SYSTEM CONTROL NUMBER | |
| System control number | (NNC)160534 |
| 040 ## - CATALOGING SOURCE | |
| Modifying agency | NNC |
| Transcribing agency | arrupe |
| 090 ## - LOCALLY ASSIGNED LC-TYPE CALL NUMBER (OCLC); LOCAL CALL NUMBER (OCLC) | |
| Classification number (OCLC) (R) ; Classification number, CALL (RLIN) (NR) | QB41 |
| Local cutter number (OCLC) ; Book number/undivided call number, CALL (RLIN) | .G1356 1967 |
| 300 ## - PHYSICAL DESCRIPTION | |
| Other physical details | ill., facsims., port. ; |
| Dimensions | 24 cm. |
| 100 1# - MAIN ENTRY--PERSONAL NAME | |
| Personal name | Galilei, Galileo, |
| Dates associated with a name | 1564-1642. |
| 9 (RLIN) | 11368 |
| 240 10 - UNIFORM TITLE | |
| Uniform title | <a href="Dialogo dei massimi sistemi.">Dialogo dei massimi sistemi.</a> |
| Language of a work | English |
| 245 10 - TITLE STATEMENT | |
| Title | Dialogue concerning the two chief world systems, Ptolemaic & Copernican / |
| Statement of responsibility, etc | Galileo Galilei ; translated by Stillman Drake ; foreword by Albert Einstein. |
| 250 ## - EDITION STATEMENT | |
| Edition statement | 2nd ed. |
| 260 ## - PUBLICATION, DISTRIBUTION, ETC. (IMPRINT) | |
| Place of publication, distribution, etc | Berkeley : |
| Name of publisher, distributor, etc | University of California Press, |
| Date of publication, distribution, etc | c1967. |
| 300 ## - PHYSICAL DESCRIPTION | |
| Extent | xxvii, 496 p. : |
| 500 ## - GENERAL NOTE | |
| General note | Foreword in English and German. |
| 504 ## - BIBLIOGRAPHY, ETC. NOTE | |
| Bibliography, etc | Includes bibliographical notes and index. |
| 650 #0 - SUBJECT ADDED ENTRY--TOPICAL TERM | |
| Topical term or geographic name as entry element | Astronomy |
| Form subdivision | Early works to 1800. |
| 9 (RLIN) | 13920 |
| 651 #0 - SUBJECT ADDED ENTRY--GEOGRAPHIC NAME | |
| Geographic name | Solar system. |
| 9 (RLIN) | 13921 |
| 942 ## - ADDED ENTRY ELEMENTS (KOHA) | |
| Source of classification or shelving scheme | Library of Congress Classification |
| Koha item type | Monograph ( Printed materials) |
| Koha issues (borrowed), all copies | 2 |
| Withdrawn status | Lost status | Source of classification or shelving scheme | Damaged status | Not for loan | Collection code | Home library | Current library | Shelving location | Date acquired | Total Checkouts | Full call number | Barcode | Date last seen | Date checked out | Price effective from | Koha item type |
|---|---|---|---|---|---|---|---|---|---|---|---|---|---|---|---|---|
| Library of Congress Classification | Main Collection | ARRUPE LIBRARY | ARRUPE LIBRARY | Main Collection | 14/01/2015 | 2 | QB41.G14 1967 | 46408269 | 02/07/2019 | 27/01/2015 | 14/01/2015 | Monograph ( Printed materials) |